000 00891 a2200229 4500
003 UA-OsUOA
005 20230301161143.0
008 230301b un ||||| |||| 00| 0 ukr d
020 _a9789666320950
040 _aUA-OsUOA
_bukr
_cUA-OsUOA
_dUA-OsUOA
041 _aukr
080 _a241:316.48
090 _a241:316.48
_bА81
100 _aАрістова А. В.
245 _aРелігійні конфлікти в сучасному світі: природа, вияви, шляхи врегулювання
_bмонографія
_cА. В. Арістова
260 _aК.
_bНТУ
_c2007
300 _a336 с.
_bбібліогр.: С. 304–334
650 _2UDC
_a241 Моральна теологія
942 _cBK
_2udc
955 _a1
999 _c573894
_d573894